00921nam a2200169 a 4500040000800000082002600008245017500034260011300209300003300322500015300355650002900508650002700537710003100564942001000595999001700605952012900622 cDLC00a662 FOO 1985 C160 Or.00aAlternative sources of energy for agriculture :bproceedings of the international symposium : September 4-7, 1984, Taiwan Sugar Research Institute, Tainan, Taiwan, R.O.C. aTaiwan, Republic of China :bFood and Fertilizer Technology Center for the Asian and Pacific Region,c[1985] avi, 453 p. :bill. ;c27 cm. aPapers ... presented at an International Symposium on Alternative Sources of Energy for Agriculture, held in Taiwan R.O.C. in September 1984"--Pref. 0aRenewable energy sources 0aAgriculture and energy2 aAsian and Pacific Council. cAEDBB c19060d19060 0010406662_000000000000000_FOO_1985_C160_OR70983809aLBCbLBCd2020-03-04eA39691o662 FOO 1985 C160 Or.r2020-03-04yEK